Dos estudios sobre la usucapión en derecho administrativo / Eduardo García de Enterría
ISBN:
84-309-0486-7
Descripción Física:
165 p. ; 22 cm
Colección:
Biblioteca Tecnos de estudios jurídicos
MARC
| LEADER | 00000nam a2200000Ia 4500 | ||
|---|---|---|---|
| 001 | 18316 | ||
| 008 | 160829s1974 xx 000 0 cat d | ||
| 020 | |a 84-309-0486-7 | ||
| 080 | |a D-3-123 | ||
| 100 | 1 | |a García de Enterría, Eduardo, |d 1923-2013 |9 24607 | |
| 245 | |a Dos estudios sobre la usucapión en derecho administrativo / Eduardo García de Enterría | ||
| 250 | |a 2a ed. | ||
| 260 | |a Madrid : |b Tecnos, |c 1974 | ||
| 300 | |a 165 p. ; |c 22 cm | ||
| 490 | |a Biblioteca Tecnos de estudios jurídicos | ||
| 590 | |a Bibliografia | ||
| 650 | |a Prescripció (Dret) |x Espanya |9 36152 | ||
| 650 | |a Propietat |x Adquisició |x Espanya |9 36153 | ||
| 650 | 0 | |a Dret administratiu |z Espanya |9 23238 | |
| 901 | |a Arxiu | ||
| 942 | |n 1 | ||
| 952 | |0 1 |1 0 |2 udc |4 0 |5 2 |6 D3123 |7 1 |9 47195 |a Arxiu |b Arxiu |d 2016-12-01 |l 0 |o D-3-123 |p 18316 |r 2016-12-01 00:00:00 |w 2016-12-01 |y ARXIU | ||
| 999 | |c 50992 |d 50992 | ||